| 000 | 00500nam a2200181Ia 4500 | ||
|---|---|---|---|
| 003 | OSt | ||
| 005 | 20230511105647.0 | ||
| 008 | 210423s1975 xx 000 0 und d | ||
| 040 | _cAL | ||
| 041 | _aeng | ||
| 082 |
_a370 _223 _bVENF |
||
| 100 |
_aVENKATARAYAPPA (K N). _9102534 |
||
| 245 | _aFeild studies in the sociology of education. | ||
| 260 |
_aNew Delhi _bNational Council Of Education _c1975 |
||
| 365 |
_b22 _cINR |
||
| 906 | _aeducation. ; Feild ; sociology ; studies | ||
| 942 |
_2ddc _cBK |
||
| 999 |
_c171899 _d171899 |
||